000 00293nam a22001337a 4500
008 170908b xxu||||| |||| 00| 0 eng d
020 _a9780521568722
041 _aeng
080 _a91
100 _a42
101 _aGJEO
245 _aPEOPLE AND THE EARTH
_cROGERS, J.J.W
942 _2udc
_cBK
999 _c26929
_d26929